| 000 | 00656nam a2200229 a 4500 | ||
|---|---|---|---|
| 005 | 20210219153506.0 | ||
| 008 | 991125n 000 0 u | ||
| 035 | _aUPN01000102678 | ||
| 100 | _aNaglieri, Jack A. | ||
| 222 | _aJOURNAL OF LEARNING DISABILITIES | ||
| 245 | _aTraditional IQ is irrevelant to learning disabilities-intelligence is not | ||
| 300 | _a127-133 | ||
| 362 | _a26, No. 2, 1993 | ||
| 505 | _aAgosto 1993 | ||
| 653 | 0 | _aINDICADORES EDUCATIVOS | |
| 653 | 0 | _aINTELIGENCIA | |
| 653 | 0 | _aPROBLEMAS DE APRENDIZAJE | |
| 653 | 0 | _aREADING DIFFICULTIES | |
| 700 | _aReardon, Sean M. | ||
| 904 |
_aAC _b040489 |
||
| 905 | _aArticulo | ||
| 999 |
_c78292 _d78292 |
||